00526nam a2200181 i 4500001001100000003000500011005001700016008004100033040002500074082002100099100003600120245003500156264006100191300002300252336002100275337002500296338002300321C2-0229501PPAK20180728160232.0001003s1983 my |||| ||||| | eng d aPPAKbengcPPAKerda04a155.250049922230 aMohd. Aris Hj. Othman, eauthor14aThe dynamics of malay identity 1aKuala Lumpur : bUniversiti Kebangsaan Malaysia , c1983 a62 pages ; c23 cm 2rdacontentatext 2rdamediaaunmediated 2rdacarrieravolume